[Event "Montreal Winter/Hiver op"]
[Site "Montreal"]
[Date "1980.01.26"]
[Round "2"]
[White "Melkonian, Sam"]
[Black "Zapata, Eduardo"]
[Result "1-0"]
[WhiteElo "1733"]
[BlackElo "1405"]
[PlyCount "61"]
[EventDate "1980.01.25"]
[EventType "swiss"]
[EventRounds "5"]
[EventCountry "CAN"]
[SourceTitle "EXT 2022"]
[Source "ChessBase"]
[SourceDate "2021.10.06"]
[SourceVersion "1"]
[SourceVersionDate "2021.10.06"]
[SourceQuality "1"]

1. e4 e5 2. Nf3 Nc6 3. Bb5 a6 4. Ba4 Nf6 5. 0-0 Be7 6. Re1 b5 7. Bb3 0-0 8. c3 d5 9. exd5 Nxd5 10. Nxe5 Nxe5 11. Rxe5 c6 12. d4 Bd6 13. Re1 Qh4 14. g3 Qh3 15. Be3 Bg4 16. Qd3 Rae8 17. Nd2 Re6 18. Qf1 Qh5 19. a4 Nxe3 20. Rxe3 Rh6 21. Qg2 Qh3 22. Qxh3 Bxh3 23. axb5 axb5 24. Ra7 Be6 25. Bxe6 Rxe6 26. Rxe6 fxe6 27. Ne4 Bb8 28. Re7 e5 29. dxe5 Rd8 30. f4 Kf8 31. Rb7 1-0